Statistics for Federal subjects of Russia by population (2024)

Click here to take the quiz!

General Stats

  • This quiz has been taken 4 times
  • The average score is 2 of 89

Answer Stats

PopulationFederal subject% Correct
13,017,302Moskva
100%
47,679Chukotka
33%
285,319Kamchatka
33%
5,601,959Sankt-Peterburg
33%
4,011,452Tatarstan
33%
503,652Adygeya
0%
2,157,500Altaj
0%
758,137Amur
0%
964,485Arhangelsk
0%
954,403Astrahan
0%
4,071,261Bashkortostan
0%
1,533,315Belgorod
0%
1,164,934Bryansk
0%
969,406Buryatiya
0%
1,516,492Chechnya
0%
3,428,837Chelyabinsk
0%
1,178,679Chuvashiya
0%
3,237,682Dagestan
0%
4,035,214Doneck
0%
201,957Gorno-Altaj
0%
1,287,664Habarovsk
0%
529,613Hakassiya
0%
1,715,504Hanty-Mansi
0%
997,217Herson
0%
514,793Ingushetiya
0%
2,365,709Irkutsk
0%
918,596Ivanovo
0%
906,460Kabardino-Balkariya
0%
1,037,430Kaliningrad
0%
260,260Kalmykiya
0%
1,070,007Kaluga
0%
464,962Karachaj-Cherkessiya
0%
530,372Kareliya
0%
2,593,516Kemerovo
0%
1,147,308Kirov
0%
729,243Komi
0%
567,305Kostroma
0%
5,835,329Krasnodar
0%
2,851,367Krasnoyarsk
0%
1,941,494Krym
0%
763,581Kurgan
0%
1,073,401Kursk
0%
2,013,558Leningrad
0%
1,129,359Lipeck
0%
2,109,424Lugansk
0%
127,461Magadan
0%
676,215Marij-El
0%
779,392Mordoviya
0%
662,200Murmansk
0%
41,496Nenec
0%
3,109,456Nizhnej-Novgorod
0%
577,391Novgorod
0%
2,798,103Novosibirsk
0%
1,852,497Omsk
0%
1,857,202Orenburg
0%
706,980Oryol
0%
1,249,853Penza
0%
2,527,546Perm
0%
8,536,219Podmoskovyye
0%
1,832,503Primorskij
0%
588,254Pskov
0%
4,195,440Rostov
0%
1,099,850Ryazan
0%
1,005,596Saha
0%
463,579Sahalin
0%
3,171,294Samara
0%
2,437,130Saratov
0%
552,045Sevastopol
0%
681,027Severnaya-Osetiya-Alaniya
0%
882,754Smolensk
0%
2,901,191Stavropol
0%
4,266,137Sverdlovsk
0%
976,636Tambov
0%
1,057,846Tomsk
0%
1,496,509Tula
0%
1,226,455Tver
0%
1,612,396Tyumen
0%
342,493Tyva
0%
1,445,530Udmurtiya
0%
1,186,532Ulyanovsk
0%
1,337,537Vladimir
0%
2,494,614Volgograd
0%
1,138,439Vologda
0%
2,301,363Voronezh
0%
517,306Yamalo-Nenec
0%
1,205,324Yaroslavl
0%
142,101Yevrej
0%
996,483Zabajkalskij
0%
1,649,500Zaporozhzhiya
0%

Score Distribution

Percentile by Number Answered

Percent of People with Each Score

Your Score History

You have not taken this quiz